The end of the opt-out era in Belgian governmental schools?

The Belgian Constitution holds an obligation for governmental schools to organise RE in the recognised religions and in non-confessional ethics for all children of school age. While neither the Flemish nor the French Community legislator can thus abandon RE altogether, both legislators have recently...

Full description

Saved in:  
Bibliographic Details
Authors: Franken, Leni 1981- (Author) ; Lievens, Johan (Author)
Format: Electronic Article
Language:English
Check availability: HBZ Gateway
Interlibrary Loan:Interlibrary Loan for the Fachinformationsdienste (Specialized Information Services in Germany)
Published: 2022
In: British Journal of religious education
Year: 2022, Volume: 44, Issue: 4, Pages: 472-485
Further subjects:B Belgium
B Religious Education
B ECHR
B state schools
B Opting in and opting out
B Constitution
Online Access: Presumably Free Access
Volltext (lizenzpflichtig)

MARC

LEADER 00000caa a22000002c 4500
001 1816394343
003 DE-627
005 20240703103823.0
007 cr uuu---uuuuu
008 220911s2022 xx |||||o 00| ||eng c
024 7 |a 10.1080/01416200.2021.1967110  |2 doi 
035 |a (DE-627)1816394343 
035 |a (DE-599)KXP1816394343 
040 |a DE-627  |b ger  |c DE-627  |e rda 
041 |a eng 
084 |a 0  |a 1  |2 ssgn 
100 1 |e VerfasserIn  |0 (DE-588)1046349694  |0 (DE-627)776128914  |0 (DE-576)355762846  |4 aut  |a Franken, Leni  |d 1981- 
109 |a Franken, Leni 1981- 
245 1 4 |a The end of the opt-out era in Belgian governmental schools? 
264 1 |c 2022 
336 |a Text  |b txt  |2 rdacontent 
337 |a Computermedien  |b c  |2 rdamedia 
338 |a Online-Ressource  |b cr  |2 rdacarrier 
520 |a The Belgian Constitution holds an obligation for governmental schools to organise RE in the recognised religions and in non-confessional ethics for all children of school age. While neither the Flemish nor the French Community legislator can thus abandon RE altogether, both legislators have recently taken initiatives, moving beyond the opt-out system, towards an opt-in system and a partial withdrawal of RE in governmental schools. After a brief description of the Belgian RE system and its historical roots, we scrutinise these evolutions. Although the Constitution does offer some room for manoeuvring, not everything goes: ending the possibility for students in governmental schools to opt for RE in any of the recognised religions or in non-denominational ethics altogether would, for instance, not be allowed. This is different from the perspective of human rights instruments such as the ECtHR, which permits, but does not require governmental schools to organise moral or religious education. Following the margin of appreciation doctrine of the ECtHR, the ECHR does not pose strict limits on governmental possibilities. It remains, however, to be seen whether the Flemish and French Community will manage to stay in line with the stricter regime of the Belgian Constitution. 
650 4 |a state schools 
650 4 |a Religious Education 
650 4 |a ECHR 
650 4 |a Constitution 
650 4 |a Belgium 
650 4 |a Opting in and opting out 
700 1 |e VerfasserIn  |0 (DE-588)1334765189  |0 (DE-627)1893568121  |4 aut  |a Lievens, Johan 
773 0 8 |i Enthalten in  |t British Journal of religious education  |d London : [Verlag nicht ermittelbar], 1978  |g 44(2022), 4, Seite 472-485  |w (DE-627)385031394  |w (DE-600)2142067-1  |w (DE-576)258360356  |x 1740-7931  |7 nnas 
773 1 8 |g volume:44  |g year:2022  |g number:4  |g pages:472-485 
856 |u https://research.vu.nl/en/publications/4adb2108-b802-4c76-83a8-f875830a34a3  |x unpaywall  |z Vermutlich kostenfreier Zugang  |h repository [deprecated] 
856 4 0 |u https://doi.org/10.1080/01416200.2021.1967110  |x Resolving-System  |z lizenzpflichtig  |3 Volltext  |7 1 
935 |a mteo 
951 |a AR 
ELC |a 1 
ITA |a 1  |t 1 
LOK |0 000 xxxxxcx a22 zn 4500 
LOK |0 001 4186563365 
LOK |0 003 DE-627 
LOK |0 004 1816394343 
LOK |0 005 20240703103823 
LOK |0 008 220911||||||||||||||||ger||||||| 
LOK |0 035   |a (DE-Tue135)IxTheo#2022-09-10#A5C9980CA9784689C121D562756FBCB7F4FA57C4 
LOK |0 040   |a DE-Tue135  |c DE-627  |d DE-Tue135 
LOK |0 092   |o n 
LOK |0 852   |a DE-Tue135 
LOK |0 852 1  |9 00 
LOK |0 935   |a ixzs  |a zota 
LOK |0 939   |a 11-09-22  |b l01 
OAS |a 1 
ORI |a SA-MARC-ixtheoa001.raw 
REL |a 1 
SUB |a REL